000 00511nam a2200181Ia 4500
008 240925s9999 xx 000 0 und d
020 _a9788131512470
082 _a004.019 ATA
100 _aAtakan, Smith
245 0 _aHuman Computer Interaction: Basic and Practice
250 _aNA
260 _aNew Delhi:
_bCengage Learning
_c,2006.
300 _a700p.
_b0
_fOriginal
500 _aIncludes Index
600 _aComputer Science
650 _aComputer science, information & general works
942 _cBK
999 _c12514
_d12514